000 00331nam a2200133Ia 4500
001 1998
008 241024s9999 xx 000 0 und d
082 _aRD/923.1/B533l
100 _aRobert Berroa
245 0 _aLeonel en la hoguera del tiempo
260 _bGráfica William
_c2006
901 _a4/11/2011 3:19:53 p.m.
999 _c7663
_d7663